Имитационное моделирование систем массового обслуживания: учебное пособие
| Autor principal: | |
|---|---|
| Autor corporatiu: | |
| Sumari: | Заглавие с титульного экрана Электронная версия печатной публикации Режим доступа: из сети НТБ ТПУ |
| Idioma: | rus |
| Publicat: |
Томск, Изд-во ТПУ, 2003
|
| Matèries: | |
| Accés en línia: | http://www.lib.tpu.ru/fulltext3/mv/2007/mv57.pdf |
| Format: | Electrònic Llibre |
| KOHA link: | https://koha.lib.tpu.ru/cgi-bin/koha/opac-detail.pl?biblionumber=114662 |
MARC
| LEADER | 00000nlm0a2200000 4500 | ||
|---|---|---|---|
| 001 | 114662 | ||
| 005 | 20231101215215.0 | ||
| 035 | |a (RuTPU)RU\TPU\book\124005 | ||
| 090 | |a 114662 | ||
| 100 | |a 20070425d2003 k y0rusy50 ca | ||
| 101 | 0 | |a rus | |
| 102 | |a RU | ||
| 105 | |a y j 001zy | ||
| 135 | |a vrcn ---uucaa | ||
| 181 | 0 | |a i | |
| 182 | 0 | |a b | |
| 200 | 1 | |a Имитационное моделирование систем массового обслуживания |b Электронный ресурс |e учебное пособие |f Б. Г. Ослин |g Томский политехнический университет | |
| 203 | |a Текст |c электронный | ||
| 210 | |a Томск |c Изд-во ТПУ |d 2003 | ||
| 230 | |a 1 компьютерный файл (pdf; 1059 KB) | ||
| 300 | |a Заглавие с титульного экрана | ||
| 300 | |a Электронная версия печатной публикации | ||
| 333 | |a Режим доступа: из сети НТБ ТПУ | ||
| 337 | |a Adobe Reader | ||
| 452 | 1 | |0 (RuTPU)RU\TPU\book\59712 |y 5-98298-005-6 |t Имитационное моделирование систем массового обслуживания |o учебное пособие |f Б. Г. Ослин |g Томский политехнический университет |c Томск |n Изд-во ТПУ |d 2003 |p 106 с. |a Ослин, Борис Георгиевич | |
| 606 | |a Массового обслуживания теория |2 stltpush |3 (RuTPU)RU\TPU\subj\41145 |9 60962 | ||
| 610 | 1 | |a математика | |
| 610 | 1 | |a массовое обслуживание | |
| 610 | 1 | |a имитационное моделирование | |
| 610 | 1 | |a случайные величины | |
| 610 | 1 | |a моделирование | |
| 610 | 1 | |a преобразования | |
| 610 | 1 | |a учебные пособия | |
| 610 | 1 | |a труды учёных ТПУ | |
| 610 | 1 | |a электронный ресурс | |
| 675 | |a 519.872(075.8) |v 3 | ||
| 700 | 1 | |a Ослин |b Б. Г. |g Борис Георгиевич | |
| 712 | 0 | 2 | |a Томский политехнический университет |
| 801 | 1 | |a RU |b 63413507 |c 20070425 |g PSBO | |
| 801 | 2 | |a RU |b 63413507 |c 20230112 |g PSBO | |
| 856 | 4 | |u http://www.lib.tpu.ru/fulltext3/mv/2007/mv57.pdf | |
| 900 | |a Моделирование систем | ||
| 900 | |a Компьютерное моделирование | ||
| 900 | |a Моделирование и анализ сложных систем | ||
| 942 | |c CF | ||